| 000 | 00819nam a22001815i 4500 | ||
|---|---|---|---|
| 001 | 170927 | ||
| 003 | ES-MaACL | ||
| 005 | 20230906214511.0 | ||
| 008 | 090417s1856 sp |||| | spa d | ||
| 110 | 2 |
_aEspaña. _bMinisterio de Hacienda. _93874 |
|
| 245 | 1 | 1 |
_a[Real decreto _b: De conformidad con el parecer del Consejo de Ministros, vengo en autorizar al de Hacienda para que someta á la deliberación de las Cortes constitutyentes un proyecto de ley sobre reforma de los aranceles de Aduanas. Dado en Palacio á siete de Marzo de mil ochocientos cincuenta y seis...]. |
| 260 |
_a[S.l. : _bs.n., _c1856?] |
||
| 300 |
_a29 p. ; _c32 cm. |
||
| 500 | _aTít. tomado del principio del texto. | ||
| 596 | _aSin portada. | ||
| 650 | 4 |
_aAranceles de aduanas- _zEspaña- _yS.XIX. _99930 |
|
| 852 |
_aES-MaACL _jT-1275-F-7 |
||
| 999 |
_c170927 _d170927 |
||